50 biggest cities in Iran on a map - Statistics

General Stats
  • This quiz has been taken 218 times
  • The average score is 18 of 50
Answers on the Map
Answers color-coded by a green-red scale on the quiz's map according to % correct below.
 
Answer Stats
City Population % Correct
Tehran 8,693,706
99%
Isfahan 1,961,260
92%
Mashhad 3,001,184
92%
Tabriz 1,558,693
89%
Shiraz 1,565,572
88%
Qom 1,201,158
82%
Kerman 537,718
78%
Bandar Abbas 526,648
75%
Ahvaz 1,184,788
74%
Kermanshah 946,651
71%
Karaj 1,592,492
64%
Urmia 736,224
62%
Zahedan 587,730
60%
Yazd 529,673
59%
Rasht 679,995
58%
Ardabil 529,374
53%
Arak 520,944
45%
Hamadan 554,406
42%
Qazvin 402,748
42%
Bushehr 223,504
38%
Gorgan 350,676
38%
Zanjan 430,871
34%
Abadan 231,476
33%
Sari 309,820
33%
Khorramabad 373,416
27%
Eslamshahr 448,129
26%
Sanandaj 412,767
26%
Birjand 203,636
22%
Kashan 304,487
22%
Dezful 264,709
19%
Amol 237,528
18%
Khoy 198,845
16%
Babol 250,217
14%
Borujerd 234,997
14%
Nishapur 264,375
14%
Sirjan 199,704
14%
Sabzevar 243,700
11%
Varamin 225,628
11%
Bojnord 228,931
10%
Qods 309,605
10%
Golestan 239,556
8%
Saveh 220,762
7%
Shahriar 309,607
7%
Qaem Shahr 204,953
5%
Malard 281,027
4%
Najafabad 235,281
4%
Pakdasht 236,319
4%
Khomeyni Shahr 247,128
3%
Nasimshahr 200,393
3%
Qarchak 231,075
3%
No matching quizzes found
Score Distribution
Percent of People with Each Score
Percentile by Number Answered
Your Score History
You have not taken this quiz